00225nam a2200097Ia 4500008004100000100002400041245001600065260002200081942000700103999001700110190216s9999||||xx |||||||||||||| ||und|| aKrishan Warrier N V 0aVivarthanam bKerala Basha Inst cBK c37932d37932